La estudiantina en Chile: de juglares, trovadores, tunos y estudiantinas

-д хадгалсан:
Номзүйн дэлгэрэнгүй
Үндсэн зохиолч: Luna Muñoz, Manuel (autor)
Формат: Ном
Хэл сонгох:испани
Хэвлэсэн: Santiago Cercom 1993
Хэвлэл:1a. ed
Нөхцлүүд:
Шошгууд: Шошго нэмэх
Шошго байхгүй, Энэхүү баримтыг шошголох эхний хүн болох!

MARC

LEADER 00000nam a2200000 a 4500
001 UCI0857
003 CL-VaPUC
008 070601e19930800CL |||||||||||||||||spa|d
082 0 4 |a 781.8363  |b LUN  |2 21 
100 |a Luna Muñoz, Manuel  |e autor  |9 521008 
245 1 3 |a La estudiantina en Chile: de juglares, trovadores, tunos y estudiantinas 
250 |a 1a. ed 
300 |a 121 p 
942 |c BK 
945 |d 20070601 00:00:00  |a jtorresc 
260 |a Santiago  |b Cercom  |c 1993 
650 0 |a Música popular  |9 356085 
650 7 |a ESTUDIANTINAS  |2 CL-VaPUC  |9 409970 
650 7 |a TUNAS  |2 CL-VaPUC  |9 409971 
650 7 |a ESTUDIANTINA FIGARO ESPAÑOLA  |2 CL-VaPUC  |9 521009 
650 0 |a Historia  |9 255047 
651 7 |a CHILE  |2 CL-VaPUC  |9 521010 
583 |a last modification  |c 20140404 10:51:47  |k Rodrigo Vera 
999 |c 325831  |d 325829 
952 |0 0  |1 2  |4 0  |6 781_836300000000000_LUN_1993  |7 0  |8 X  |9 407198  |a FDOMLP  |b FDOMLP  |d 2019-11-22  |i 4039998  |o 781.8363 LUN 1993  |p 4039998  |r 2019-11-22  |w 2019-11-22  |y BK_X  |k BU2